000 00950nam a2200265 i 4500
001 175428
003 ES-MaACL
005 20251218174608.0
007 t|
008 101027s1977 sp o r ||||1| spa d
020 _a84-369-0129-0
080 _a75 Carrera, María
080 _a929 Carrera, María
100 1 _aAreán, Carlos,
_d1921-1996
_922562
245 1 0 _aM. Carrera /
_cCarlos Areán.
260 _a[Madrid] :
_bDirección General del Patrimonio Artístico y Cultural,
_cD. L. 1977.
300 _a107 p. :
_bfot. col. y n. ;
_c17 cm.
490 1 _aArtistas españoles contemporáneos. Pintores ;
_v131
504 _aBibliografía: p. 77-80.
600 1 4 _aCarrera, María.
_935629
710 0 _aEspaña.
_bDirección General del Patrimonio Artístico y Cultural.
_93790
830 0 _aArtistas españoles contemporáneos. Pintores
_v131
_9189664
852 _aES-MaACL
_j2261-F-84
_xOlim P-1916
999 _c175428
_d175428